000 00277nam a2200121Ia 4500
008 140130s9999 xx 000 0 und d
245 _cBaum, Frank
_aThe wizard of OZ
260 _bScholastic,
440 _v1
521 _aGrade 7 - Grade 12
942 _cBK
999 _c41345
_d41345